| 000 | 00596nam a2200181 a 4500 | ||
|---|---|---|---|
| 001 | 000048183 | ||
| 005 | 20201002060956.0 | ||
| 008 | 181205s2016 000 spa d | ||
| 020 | _a9789945167641 | ||
| 040 |
_aDO-SdBNP _bspa _cBNPHU |
||
| 082 |
_aRD861.5 _bL649n |
||
| 245 | 0 | 0 |
_aLetras de Naiboa : _bpoesía y otros escritos / _cEddy Ulerio...[et. al] ; prólogo Vladimir Cruz López. |
| 260 |
_aSanto Domingo : _bEditora Santuario, _c2016. |
||
| 300 |
_a133 p. ; _c23 cm. |
||
| 590 | _aInventariado, 2019/VM | ||
| 700 | 1 |
_aUlerio, Eddy _975630 |
|
| 700 | 1 |
_aCruz López, Vladimir _epról. _975631 |
|
| 999 |
_c47671 _d47671 |
||